Statistics for Top 15 Countries with Covid-19 Cases - 2 July

Click here to take the quiz!

General Stats

  • This quiz has been taken 18 times
  • The average score is 17 of 25

Answer Stats

country% Correct
Italy
100%
United States
100%
Brazil
94%
India
94%
Mexico
94%
United Kingdom
94%
Germany
89%
Spain
89%
Russia
83%
Sweden
72%
Chile
61%
Chile
61%
Iran
61%
Pakistan
61%
Peru
61%
Saudi Arabia
61%
Turkey
61%
Oman
50%
Qatar
50%
Bahrain
44%
Panama
44%
Belarus
39%
Kuwait
39%
Armenia
33%
Singapore
33%

Score Distribution

Percentile by Number Answered

Percent of People with Each Score

Your Score History

You have not taken this quiz